[Event "XLII Rilton Cup"]
[Site "Stockholm SWE"]
[Date "2013.01.05"]
[Round "9.25"]
[White "Lokander,M"]
[Black "Henriksson,Jo"]
[Result "0-1"]
[WhiteElo "2226"]
[BlackElo "2270"]

1.d4 d5 2.c4 c6 3.Nf3 Nf6 4.Nc3 a6 5.a4 e6 6.g3 dxc4 7.e4 c5 8.d5 exd5 9.e5 d4
10.exf6 dxc3 11.Qe2+ Be6 12.Ng5 Qxf6 13.Bh3 cxb2 14.Bxb2 Qxg5 15.Bxe6 fxe6
16.O-O Nc6 17.Qxe6+ Be7 18.Rad1 Rd8 19.Rfe1 Nd4 20.Bxd4 cxd4 21.Qxc4 Qd5
22.Qc7 Qd6 23.Qxb7 Qd7 24.Qe4 O-O 25.Qxe7 Qxa4 26.Ra1 Qc2 27.Qe6+ Kh8 28.Qe2 d3
29.Qe3 d2 30.Red1 h6 31.Qa3 Rde8 32.Qb4 Rd8 33.Qa5 Rd6 34.Qa2 Qc3 35.Qa3 Qd4
36.Qe3 Qd5 37.Rab1 Rfd8 38.Rb2 Qd4 39.Qxd4 Rxd4 40.Ra2 R8d6 41.Kf1 Kg8 42.Ke2 Kf7
43.f4 Ke6 44.Ke3 Kf5 45.h3 h5 46.Rxa6 Rd3+ 47.Ke2 Rxa6 48.Kxd3 Ra3+ 49.Kxd2 Rxg3
50.Ke2 Kxf4 51.Rd7 g6 52.Rf7+ Kg5 53.Kf2 Rxh3 54.Rb7 Ra3 55.Rb4 h4 56.Kg2 Kh5
57.Rb2 g5 58.Kh2 Rf3 59.Kg2 Kg4 60.Rb4+ Rf4 61.Rb3 h3+ 62.Kh2 Rf2+ 63.Kg1 Rc2
64.Rb4+ Kg3 65.Rb3+ Kh4 66.Ra3 g4 67.Rb3 Re2 68.Kh1 g3 69.Rb1 Kg4 70.Ra1 Kf3
71.Kg1 Rg2+ 72.Kh1 Rd2 73.Rf1+ Ke2 74.Rg1 Rd1  0-1

[Event "Australian Open 2013"]
[Site "Cammeray AUS"]
[Date "2013.01.06"]
[Round "5.3"]
[White "Brown,An"]
[Black "Ly,Mo"]
[Result "1-0"]
[WhiteElo "2261"]
[BlackElo "2417"]

1.d4 d5 2.c4 c6 3.Nc3 Nf6 4.Nf3 a6 5.e3 b5 6.b3 Bg4 7.Be2 e6 8.h3 Bxf3 9.Bxf3 Bb4
10.Bd2 Nbd7 11.O-O O-O 12.Nxd5 Nxd5 13.cxd5 Bxd2 14.dxc6 Qa5 15.cxd7 Ra7
16.a3 Bc3 17.b4 Qb6 18.Rc1 Bb2 19.Rc6  1-0

[Event "38th Seville Open"]
[Site "Seville ESP"]
[Date "2013.01.11"]
[Round "1.17"]
[White "Pogorelov,R"]
[Black "Dahlgren,James Allen"]
[Result "1-0"]
[WhiteElo "2409"]
[BlackElo "1812"]

1.Nf3 d5 2.d4 Nf6 3.c4 c6 4.Nc3 a6 5.e3 Bf5 6.Qb3 b5 7.c5 Nbd7 8.a4 e6 9.Qa3 Rc8
10.b4 Be7 11.Be2 O-O 12.O-O Ne4 13.Bb2 Bf6 14.Nxe4 Bxe4 15.Nd2 Bg6 16.f4 Be7
17.Qb3 Qc7 18.Ra3 f6 19.axb5 axb5 20.Rfa1 Rb8 21.Bg4 f5 22.Bd1 Rb7 23.Qa2 Rfb8
24.Ra6 Be8 25.g4 Nf6 26.gxf5 exf5 27.Nf3 Ne4 28.Ne5 Bh4 29.Bc1 g5 30.Qg2 Qc8
31.Ra7 Rxa7 32.Rxa7 Rb7 33.Rxb7 Qxb7 34.fxg5 Qg7 35.Nf3 Bxg5 36.Nxg5 Qxg5
37.Qxg5+ Nxg5 38.Bd2 Kg7 39.Be1 Kh6 40.Kg2 Bh5 41.Bxh5 Kxh5 42.Kg3 Ne6 43.Kf3 Kg5
44.Bg3 Kh5 45.h3 Kg5 46.Bd6 Kf6 47.Kg3 Kg5 48.Be7+ Kh5 49.Kf3 Kg6 50.Bh4 Kh5
51.Bf6 Kg6 52.Be7 Kf7 53.Bd6 Kg6 54.Kg3 Kg5 55.Be5 Kh5 56.Bf4 Nf8 57.Bc7 Ne6
58.Bd6 Kg5 59.Be7+ Kh5 60.Bf6 Kg6 61.Be5 Kh5 62.Kf3 Kh4 63.Kg2 Kg5 64.Kg3 Kh5
65.Bf4 Nf8 66.Bd6 Ng6 67.Bc7 Kg5 68.Bd8+ Kh5 69.Bf6 Kh6 70.h4 Kh5 71.Bg5 Nf8
72.Kf4 Kg6 73.Ke5 h6 74.Be7 Nd7+ 75.Kd6 Nb8 76.Kc7 Na6+ 77.Kxc6 Nxb4+ 78.Kxb5 Kf7
79.Kxb4 Kxe7 80.Kb5  1-0

[Event "TCh-FIN SM 2012-13"]
[Site "Helsinki FIN"]
[Date "2013.01.12"]
[Round "8.3"]
[White "Sammalvuo,T"]
[Black "Kokkila,T"]
[Result "1-0"]
[WhiteElo "2470"]
[BlackElo "2323"]

1.d4 d5 2.c4 c6 3.Nf3 Nf6 4.Nc3 a6 5.g3 dxc4 6.a4 e6 7.Bg2 c5 8.O-O Nc6 9.Ne5 Bd7
10.Nxd7 Qxd7 11.d5 exd5 12.Nxd5 Nxd5 13.Qxd5 Qxd5 14.Bxd5 Rd8 15.Bxc4 Na5
16.Ba2 Be7 17.Be3 Nc6 18.Rfd1 Nd4 19.Rd2 O-O 20.b4 Bf6 21.Rb1 b6 22.bxc5 bxc5
23.Rb7 h5 24.Ra7 Rd6 25.Bc4 Rfd8 26.Bxf7+ Kh7 27.Kh1 h4 28.gxh4 Nf5 29.Rxd6 Rxd6
30.Bxc5 Rc6 31.Ba3 Rc2 32.h5 Nh4 33.Bg6+ Nxg6 34.hxg6+ Kxg6 35.Rxa6 Rxe2
36.Bc5 Kf5 37.a5 Ra2 38.Ra8 Ke4 39.Kg2 Kd5 40.Be3 Kc6 41.a6  1-0

[Event "38th Seville Open"]
[Site "Seville ESP"]
[Date "2013.01.12"]
[Round "2.4"]
[White "Gutierrez Valero,M"]
[Black "Haslinger,S"]
[Result "0-1"]
[WhiteElo "2131"]
[BlackElo "2535"]

1.d4 d5 2.Nf3 Nf6 3.c4 c6 4.Nc3 a6 5.Ne5 e6 6.cxd5 exd5 7.Bg5 Be7 8.e3 Nbd7
9.f4 Nxe5 10.fxe5 Ng4 11.Bxe7 Qxe7 12.Qf3 O-O 13.Bd3 f6 14.O-O Bd7 15.e6 Bxe6
16.Rae1 Qd6 17.Qf4 Rad8 18.Na4 Bc8 19.Nc5 Qxf4 20.exf4 Rfe8 21.h3 Nh6 22.g4 Nf7
23.Kg2 Nd6 24.Kf3 g6 25.Rxe8+ Rxe8 26.Rc1 Kf7 27.a4 h5 28.b4 Rh8 29.Kg3 hxg4
30.hxg4 f5 31.g5 Ne4+ 32.Bxe4 fxe4 33.b5 Rh3+ 34.Kg2 Rh4 35.bxa6 bxa6 36.Rb1 Rg4+
37.Kf2 Rxf4+ 38.Ke1 e3 39.Rb8 Bg4 40.Nd3 Rxd4 41.Ne5+ Ke6 42.Re8+ Kd6 43.Nf7+ Kc5
44.Rxe3 Rxa4  0-1

[Event "PSC Cup 2013"]
[Site "Manila PHI"]
[Date "2013.01.14"]
[Round "1.21"]
[White "Elorta,D"]
[Black "San Diego,Marie Antoinette"]
[Result "1-0"]
[WhiteElo "2343"]
[BlackElo "1923"]

1.d4 d5 2.Nf3 Nf6 3.c4 c6 4.Nc3 a6 5.a4 e6 6.Qb3 a5 7.Bf4 Na6 8.e3 Nb4 9.Be2 Be7
10.h3 O-O 11.O-O Nd7 12.Rac1 f5 13.Na2 Nxa2 14.Qxa2 h6 15.Bh2 Kh7 16.Qb1 Nf6
17.Ne5 Ne4 18.Qc2 Bf6 19.Bd3 Bxe5 20.Bxe5 Kg8 21.Rb1 Nd6 22.b3 g6 23.Rbe1 Nf7
24.Bh2 Qf6 25.f3 Bd7 26.Kh1 e5 27.e4 exd4 28.cxd5 f4 29.Bg1 cxd5 30.e5 Qe6
31.Bxg6 Rac8 32.Qb1 Kg7 33.Bxd4 Nd8 34.Bh5 Kg8 35.Bg4 Qf7 36.Bxd7 Qxd7 37.Qg6+ Qg7
38.Qxg7+ Kxg7 39.e6+  1-0

[Event "ch-BLR w 2013"]
[Site "Minsk BLR"]
[Date "2013.01.16"]
[Round "7.1"]
[White "Brovko,N"]
[Black "Beinenson,Katsiaryna"]
[Result "0-1"]
[WhiteElo "1984"]
[BlackElo "1974"]

1.d4 d5 2.c4 c6 3.Nc3 Nf6 4.Nf3 a6 5.e3 b5 6.cxd5 cxd5 7.Bd3 e6 8.O-O Bd6
9.e4 dxe4 10.Nxe4 Nxe4 11.Bxe4 Ra7 12.Be3 Rd7 13.Ng5 h6 14.Qh5 O-O 15.f4 Bb7
16.Bxb7 Rxb7 17.Ne4 Rd7 18.Rf3 Nc6 19.Nc5 Nxd4 20.Bxd4 Bxc5 21.Bxc5 Rd5 22.Qh3 Rxc5
23.Rd3 Qf6 24.Rad1 Qxf4 25.R3d2 Rfc8 26.Rf2 Qc7 27.Rdf1 Rc1 28.Qf3 Rxf1+
29.Rxf1 Qc5+ 30.Kh1 Qf5 31.Qd1 Qd5 32.Qb1 Qc4 33.Qd1 Qd5 34.Qb1 e5 35.b3 e4
36.Rd1 Qc6 37.Qb2 Qc2 38.Rd8+ Kh7  0-1

[Event "Kislovodsk Open 2013"]
[Site "Kislovodsk RUS"]
[Date "2013.01.17"]
[Round "3"]
[White "Beglaryan,Araik"]
[Black "Popov,Khristofor"]
[Result "1-0"]
[WhiteElo "2123"]
[BlackElo "1909"]

1.d4 d5 2.c4 c6 3.Nc3 Nf6 4.Nf3 a6 5.Ne5 e6 6.Bg5 h6 7.Bh4 Nbd7 8.e3 Qb6
9.Nxd7 Bxd7 10.Rb1 Be7 11.c5 Qc7 12.Bd3 b6 13.b4 b5 14.O-O a5 15.a4 axb4
16.Rxb4 Ne4 17.Nxe4 dxe4 18.Bxe7 exd3 19.Bd6 Qa5 20.Qb3 e5 21.axb5 cxb5 22.d5  1-0

[Event "PSC Cup 2013"]
[Site "Manila PHI"]
[Date "2013.01.17"]
[Round "5.20"]
[White "Castellano,Christo"]
[Black "Calvelo,Jelvis"]
[Result "1-0"]
[WhiteElo "2258"]
[BlackElo "2059"]

1.d4 d5 2.Nf3 Nf6 3.c4 c6 4.Nc3 a6 5.g3 b5 6.cxb5 cxb5 7.Bg2 Nc6 8.Ne5 Bb7
9.Bg5 e6 10.Rc1 Rc8 11.O-O Be7 12.e3 h6 13.Bxf6 Bxf6 14.Nd3 Rc7 15.Nc5 Bc8
16.Qd2 O-O 17.Ne2 Be7 18.Nf4 Bd6 19.Rc2 Re8 20.Rfc1 Nb8 21.Bf1 Rc6 22.Nfd3 Qb6
23.b4 Rc7 24.a4 bxa4 25.Ra2 Nd7 26.Rxa4 Nf6 27.Rca1 Qb8 28.Qe1 h5 29.Nxa6 Bxa6
30.Rxa6 Rc2 31.Qd1 Rc4 32.b5 h4 33.Ne5 hxg3 34.hxg3 Rc3 35.Nc6 Rxc6 36.bxc6 Bxg3
37.Qf3 Bd6 38.Bd3 Qb3 39.Qd1 Qb8 40.Rb1 Qd8 41.f4 g6 42.Rb7 Kg7 43.Raa7 Re7
44.Rxe7 Bxe7 45.c7 Qh8 46.Qc2 Qh3 47.c8=Q Ng4 48.Rxe7 Qg3+ 49.Kf1 Nxe3+ 50.Ke2 Nxc2
51.Qxc2 Qxf4 52.Qc7 Qxd4 53.Rxf7+ Kh6  1-0

[Event "TCh-SVK Extraliga 2012-13"]
[Site "Slovakia SVK"]
[Date "2013.01.20"]
[Round "6.4"]
[White "Veres,An"]
[Black "Betko,L"]
[Result "1-0"]
[WhiteElo "2138"]
[BlackElo "2237"]

1.d4 Nf6 2.c4 c6 3.Nc3 d5 4.Nf3 a6 5.e3 b5 6.b3 Bg4 7.Be2 e6 8.h3 Bh5 9.O-O Nbd7
10.Qc2 Be7 11.Bb2 O-O 12.Rfe1 Bg6 13.Bd3 Qa5 14.Bxg6 hxg6 15.e4 b4 16.e5 bxc3
17.Bxc3 Qb6 18.exf6 Bxf6 19.c5 Qc7 20.b4 Rfe8 21.Re2 Re7 22.Rae1 Rb8 23.a4 Qb7
24.g4 Ree8 25.Rb1 Qa7 26.Qd3 Rec8 27.Kg2 Qc7 28.Reb2 e5 29.dxe5 Nxe5 30.Bxe5 Bxe5
31.Re2 Bf6 32.g5 Be7 33.Qe3 Bf8 34.a5 Qd7 35.Rbb2 Re8 36.Qf4 Qb7 37.Ne5 Re7
38.Nxc6 Rxe2 39.Rxe2 d4 40.Qxb8  1-0

[Event "TCh-HUN 2012-13"]
[Site "Budapest HUN"]
[Date "2013.01.27"]
[Round "6"]
[White "Seres,L"]
[Black "Somlai,L"]
[Result "1/2-1/2"]
[WhiteElo "2453"]
[BlackElo "2353"]

1.Nf3 d5 2.d4 Nf6 3.c4 c6 4.Nc3 a6 5.c5 Nbd7 6.Bf4 Nh5 7.e3 Nxf4 8.exf4 g6
9.Bd3 Bg7 10.O-O O-O 11.Re1 Re8 12.Qd2 Qc7 13.h4 Nf6 14.Ne5 Ng4 15.h5 Nh6
16.hxg6 hxg6 17.f3 Bf5 18.g4 Bxd3 19.Qxd3 e6 20.Kg2 Bxe5 21.fxe5 Kg7 22.Rh1 Rh8
23.Rh3 Rh7 24.Rah1 Rah8 25.b4 Ng8 26.Rxh7+ Rxh7 27.Rxh7+ Kxh7 28.a4 Kg7 29.Ne2  1/2-1/2

[Event "TCh-CZE Div1 Vychod 2012-13"]
[Site "Czech Republic CZE"]
[Date "2013.01.27"]
[Round "6.5"]
[White "Vanek,L"]
[Black "Kulovana,E"]
[Result "0-1"]
[WhiteElo "2181"]
[BlackElo "2251"]

1.d4 d5 2.c4 c6 3.Nf3 Nf6 4.Nc3 a6 5.e3 b5 6.c5 g6 7.Be2 Bg7 8.O-O O-O 9.Bd2 a5
10.a3 Qc7 11.b4 a4 12.Ne5 Nfd7 13.Nxc6 Nxc6 14.Bxb5 Nf6 15.f4 Bg4 16.Qe1 Rfd8
17.Nxa4 Ne4 18.Nb6 Rab8 19.Rc1 Na7 20.Bd3 Bf5 21.Be2 Nc8 22.g4 Nxd2 23.Qxd2 Be4
24.Na4 Ra8 25.Nc3 e6 26.a4 h6 27.a5 g5 28.a6 f5 29.b5 gxf4 30.exf4 fxg4 31.Na4 Ne7
32.Bxg4 Nf5 33.Bxf5 exf5 34.Rc3 Qa5 35.Nb6 Ra7 36.Kf2 Qxb5  0-1

[Event "TCh-CZE Div1 Vychod 2012-13"]
[Site "Czech Republic CZE"]
[Date "2013.01.27"]
[Round "6.5"]
[White "Jedlicka,A"]
[Black "Sevcik,V"]
[Result "1-0"]
[WhiteElo "2224"]
[BlackElo "2230"]

1.d4 d5 2.c4 c6 3.Nf3 Nf6 4.Nc3 a6 5.e3 b5 6.c5 g6 7.Bd2 Bg7 8.b4 Bg4 9.a4 Nbd7
10.Be2 O-O 11.O-O Qc7 12.Ra2 Qb7 13.Qb3 Ne4 14.Be1 Ndf6 15.h3 Be6 16.Ne5 Nxc3
17.Bxc3 Ne4 18.Nd3 bxa4 19.Rxa4 a5 20.Rb1 Nxc3 21.Qxc3 axb4 22.Raxb4 Qc8
23.Rb7 Re8 24.R1b6 Ra2 25.Bf1 Bd7 26.Nb4 Ra8 27.Na6 e5 28.Nc7 exd4 29.exd4 Ra4
30.Nxe8 Bxe8 31.Rb8 Qe6 32.Qb3 Rxd4 33.Rxe8+  1-0

[Event "18th HIT Open A 2013"]
[Site "Nova Gorica SLO"]
[Date "2013.01.28"]
[Round "6.28"]
[White "Krejic,Nik"]
[Black "Krzan,Peter"]
[Result "1-0"]
[WhiteElo "1551"]
[BlackElo "1595"]

1.d4 d5 2.c4 c6 3.Nc3 Nf6 4.Nf3 a6 5.Bg5 Nbd7 6.e3 b5 7.cxb5 cxb5 8.Bd3 e6
9.O-O Be7 10.Qb3 O-O 11.Rac1 Nb6 12.Ne5 Bb7 13.Rfd1 Nc4 14.Nxc4 bxc4 15.Bxc4 Rb8
16.Bd3 Bc8  1-0

[Event "18th HIT Open A 2013"]
[Site "Nova Gorica SLO"]
[Date "2013.01.29"]
[Round "7.5"]
[White "Bellia,F"]
[Black "Kersic,M"]
[Result "1/2-1/2"]
[WhiteElo "2448"]
[BlackElo "2204"]

1.d4 d5 2.Nf3 c6 3.c4 Nf6 4.Nc3 a6 5.e3 b5 6.b3 Bf5 7.Bd3 Bxd3 8.Qxd3 e6
9.O-O Nbd7 10.Bb2 Be7 11.cxd5 cxd5 12.Ne5 Nxe5 13.dxe5 Nd7 14.f4 O-O 15.Ne2 Nc5
16.Qd4 f5 17.Ba3 Ne4 18.Bxe7 Qxe7 19.Rfc1 Qb7 20.a4 a5 21.Qd3 bxa4 22.bxa4 Rfc8
23.Rxc8+ Rxc8 24.Rb1 Qc6 25.h3 Qc4 26.Qd1 Nc3 27.Nxc3 Qxc3 28.Qb3 Qxb3 29.Rxb3 Rc4
30.Rb6 Kf7  1/2-1/2

[Event "ch-TUR 2013"]
[Site "Antalya TUR"]
[Date "2013.02.04"]
[Round "4.3"]
[White "Koksal,E"]
[Black "Esen,B"]
[Result "0-1"]
[WhiteElo "2228"]
[BlackElo "2565"]

1.d4 d5 2.c4 c6 3.Nc3 Nf6 4.Nf3 a6 5.c5 Nbd7 6.Bf4 Nh5 7.e3 g6 8.Be2 Bg7
9.O-O Nxf4 10.exf4 O-O 11.Re1 f6 12.Na4 e5 13.fxe5 fxe5 14.dxe5 Nxe5 15.Nb6 Rb8
16.Nxc8 Qxc8 17.Qc2 Qd7 18.Rad1 Rbe8 19.Nxe5 Bxe5 20.Bf3 Qg7 21.h3 Bxb2 22.Rxe8 Rxe8
23.Rd2 Bd4 24.g3 Qf6 25.Kg2 Kg7 26.h4 h5 27.Rd3 Re7 28.Rb3 Rf7 29.Qc1 Qe7
30.Qb1 Bxc5 31.Qc2 Bd4 32.Qd2 Qf6 33.Rd3 c5 34.Qd1 b5 35.a3 a5 36.Rd2 Qf5
37.Rd3 b4 38.axb4 axb4 39.Rxd4 cxd4 40.Qxd4+ Kh7 41.Bxd5 Rd7 42.Qxb4 Qxd5+  0-1

[Event "ch-TUR 2013"]
[Site "Antalya TUR"]
[Date "2013.02.05"]
[Round "5.25"]
[White "Bulgurlu,Okan"]
[Black "Simsek,C"]
[Result "0-1"]
[WhiteElo "1854"]
[BlackElo "2073"]

1.d4 d5 2.c4 c6 3.Nf3 Nf6 4.Nc3 a6 5.e3 e6 6.c5 Nbd7 7.b4 Qc7 8.Be2 e5 9.Bb2 e4
10.Nd2 Be7 11.f4 exf3 12.gxf3 Nf8 13.Qc2 Ng6 14.O-O-O O-O 15.h4 Re8 16.h5 Nf8
17.Rdg1 h6 18.Kb1 N8h7 19.f4 Bf8 20.Nf1 Kh8 21.Bc1 b6 22.Na4 b5 23.Nb6 Rb8
24.Nxc8 Rbxc8 25.Bd3 Ne4 26.Ng3 Nxg3 27.Rxg3 Nf6 28.Bd2 Ne4 29.Bxe4 Rxe4
30.Qd1 Qd7 31.Qg4 Qxg4 32.Rxg4 Kh7 33.Rhg1 Rce8 34.R4g3 R8e6 35.Rh1 Rf6 36.Kc2 Rf5
37.Kd3 Be7 38.Be1 g6 39.hxg6+ fxg6 40.Rgh3 h5 41.Bh4 Bxh4 42.Rxh4 Re7 43.Rg1 a5
44.a4 bxa4 45.Ra1 axb4 46.Rxa4 Rb7 47.Kc2 b3+ 48.Kb2 Kh6 49.Ra6 Rf6 50.Rb6 Re7
51.Rh3 g5 52.fxg5+ Kxg5 53.Rxb3 Rf2+ 54.Ka3 Ra7+ 55.Kb4 Rb7+ 56.Ka3 Rxb3+
57.Kxb3 Kg4 58.Rh1 Rf3 59.Rg1+ Kf5 60.Re1 h4 61.Ka4 Ke4 62.Ka5 Rf6 63.Rh1 Rh6
64.Rh3 Kf5 65.Kb6 Kg4 66.Rh1 h3 67.Kc7 Kg3 68.Rg1+ Kf2  0-1

[Event "ch-TUR 2013"]
[Site "Antalya TUR"]
[Date "2013.02.08"]
[Round "10.7"]
[White "Koksal,E"]
[Black "Seyhanoglu,D"]
[Result "0-1"]
[WhiteElo "2228"]
[BlackElo "2049"]

1.d4 d5 2.c4 c6 3.Nc3 Nf6 4.Nf3 a6 5.c5 g6 6.Bf4 Bg7 7.e3 O-O 8.h3 Bf5 9.Be2 Be4
10.Nxe4 Nxe4 11.O-O Nd7 12.Bd3 Nef6 13.b4 Ne8 14.Rb1 Nc7 15.Qd2 Re8 16.Qc3 e6
17.a4 Qc8 18.Bd6 f6 19.b5 axb5 20.axb5 e5 21.b6 Ne6 22.Nd2 exd4 23.exd4 f5
24.Nf3 Ra4 25.Rb4 Qa8 26.Rxa4 Qxa4 27.Re1 Ndf8 28.Bc2 Qa8 29.Ne5 Qc8 30.Bd3 Nd7
31.f4 Nxf4 32.Nxd7 Nxd3 33.Rxe8+ Qxe8 34.Qxd3 Qxd7 35.Kh2 Qe6 36.Qa3 Qe8
37.Bc7 Bxd4 38.Qb4 Qe3 39.Qa5 f4 40.h4 Qg3+  0-1

[Event "TCh-CZE Div1 Zapad 2012-13"]
[Site "Czech Republic CZE"]
[Date "2013.02.10"]
[Round "7.4"]
[White "Kucera,P1"]
[Black "Gregor,Ji"]
[Result "0-1"]
[WhiteElo "2379"]
[BlackElo "2261"]

1.d4 d5 2.c4 c6 3.Nf3 Nf6 4.Nc3 a6 5.a4 e6 6.cxd5 cxd5 7.Bg5 Nc6 8.e3 Bb4
9.Qb3 h6 10.Bxf6 Qxf6 11.Bd3 O-O 12.O-O Qe7 13.Rac1 Bd7 14.Bb1 Rfc8 15.Na2 Bd6
16.Qd3 f5 17.Nd2 Na5 18.Rxc8+ Rxc8 19.Nc3 Bb8 20.Bc2 Qb4 21.Rb1 Nc4 22.Nxc4 dxc4
23.Qe2 Qd6 24.g3 b5 25.axb5 axb5 26.b4 g6 27.Qd2 Kg7 28.d5 e5 29.e4 Qb6 30.d6 Rd8
31.Qd5 Qd4  0-1

[Event "Novy Bor Open A 2013"]
[Site "Novy Bor CZE"]
[Date "2013.02.11"]
[Round "3"]
[White "Dambrauskas,V"]
[Black "Svobodova,M"]
[Result "1-0"]
[WhiteElo "2321"]
[BlackElo "2051"]

1.d4 d5 2.c4 c6 3.Nf3 Nf6 4.Nc3 a6 5.Ne5 Nbd7 6.Bf4 Nxe5 7.Bxe5 dxc4 8.a4 Be6
9.a5 g6 10.e3 Bg7 11.Qa4 O-O 12.Bxc4 Bxc4 13.Qxc4 Nd5 14.Bxg7 Kxg7 15.Ne4 Qc7
16.O-O e5 17.Rfc1 Rad8 18.Nc5 exd4 19.Qxd4+ Kg8 20.Qh4 Rfe8 21.Ra3 Qe5 22.Rb3 b6
23.Nd3 Qe6 24.axb6 Nxe3 25.Nc5 Qc4 26.Qxc4 Nxc4 27.h3 Nd6 28.Nxa6 Nb5 29.Nc7 Re5
30.Re3 Rxe3 31.fxe3 Rb8 32.Rxc6 Nxc7 33.bxc7 Rc8 34.b4 Kf8 35.b5 Ke7 36.b6 Kd7
37.Rc3  1-0

[Event "ch-CUB Men Final 2013"]
[Site "Santa Clara CUB"]
[Date "2013.02.11"]
[Round "5.5"]
[White "Otero Acosta,D"]
[Black "Ortiz Suarez,I"]
[Result "1/2-1/2"]
[WhiteElo "2461"]
[BlackElo "2585"]

1.d4 d5 2.c4 c6 3.Nf3 Nf6 4.Nc3 a6 5.e3 b5 6.c5 g6 7.Qb3 a5 8.Ne5 Bg7 9.Nxb5 cxb5
10.Bxb5+ Kf8 11.O-O Be6 12.f3 Ne8 13.Nd3 Nc7 14.a4 Bd7 15.Bd2 Nc6 16.Qd1 Nxb5
17.axb5 Nxd4 18.exd4 Bxd4+ 19.Kh1 Bxb5 20.Re1 Bxd3 21.Bh6+ Bg7 22.Bxg7+ Kxg7
23.Qxd3 e6 24.b4 axb4 25.Rxa8 Qxa8 26.Qd4+ Kg8 27.Qxb4 h5 28.Qf4 Qc6 29.Rb1 Kg7
30.Qd4+ Kh7 31.Rb6 Qc7 32.h3 Ra8 33.f4 Qa7 34.Rb1 Rc8 35.Rb5 Ra8 36.Rb1 Rc8
37.Rb5 Rc6 38.Kh2 Qc7 39.Kg1 Qc8 40.Kh2 Qh8 41.Qe3 Qf6 42.Rb6 d4 43.Qc1 Rc7
44.c6 e5 45.fxe5 Qxe5+ 46.Kh1 d3 47.Rb7 Qd6 48.Rxc7 Qxc7 49.Qd2 Qxc6 50.Qxd3 Qc1+
51.Kh2 Qf4+ 52.Kh1 h4 53.Qe2 Kh6 54.Qb5 Qe4 55.Qf1 f5 56.Qc1+ Kh5 57.Qd1+ Kh6
58.Qc1+ f4 59.Qc3 Qd5 60.Qf6 f3  1/2-1/2

[Event "Vladimir Petrov Memorial"]
[Site "Jurmala LAT"]
[Date "2013.02.15"]
[Round "4.3"]
[White "Gleizerov,E"]
[Black "Malakhov,V"]
[Result "1/2-1/2"]
[WhiteElo "2546"]
[BlackElo "2709"]

1.d4 d5 2.c4 c6 3.Nf3 Nf6 4.Nc3 a6 5.Ne5 Nbd7 6.Bf4 dxc4 7.Nxc4 b5 8.Ne5 Bb7
9.e3 e6 10.Be2 Be7 11.O-O O-O 12.Bf3 Nd5  1/2-1/2

[Event "e2e4 Brighton Masters 2013"]
[Site "Brighton ENG"]
[Date "2013.02.17"]
[Round "2"]
[White "Hawkins,Jo"]
[Black "Foo,William J"]
[Result "1-0"]
[WhiteElo "2511"]
[BlackElo "2060"]

1.d4 d5 2.c4 c6 3.Nf3 Nf6 4.Nc3 a6 5.e3 b5 6.b3 Bg4 7.Bd2 e6 8.h3 Bxf3 9.Qxf3 b4
10.Na4 Ne4 11.Bd3 Nxd2 12.Kxd2 Nd7 13.Rac1 Nb6 14.cxd5 cxd5 15.Nc5 Bxc5 16.dxc5 Nd7
17.Qg4 Qf6 18.Rhf1 O-O 19.Qxb4 a5 20.Qd4 e5 21.Qxd5 e4 22.Qxe4 g6 23.Qd4 Qe7
24.Qd6 Qe8 25.Bb5 Rd8 26.Ke2  1-0

[Event "ch-ROU 2013"]
[Site "Baile Olanesti ROU"]
[Date "2013.02.19"]
[Round "5.18"]
[White "Tanase,F"]
[Black "Vladescu,F"]
[Result "0-1"]
[WhiteElo "2076"]
[BlackElo "2225"]

1.d4 d5 2.Nf3 Nf6 3.c4 c6 4.Nc3 a6 5.e3 Bf5 6.Be2 h6 7.O-O e6 8.Ne5 Nbd7
9.f4 Bd6 10.Bd2 O-O 11.g4 Bh7 12.cxd5 cxd5 13.Qe1 Ne4 14.Nxe4 Bxe4 15.Bc3 Nxe5
16.fxe5 Be7 17.Qg3 Rc8 18.Bf3 Bg6 19.Qg2 b5 20.a3 Rc4 21.Qd2 Qb6 22.Be2 Rc6
23.Ba5 Qb7 24.Rac1 Rfc8 25.Rxc6 Rxc6 26.Rc1 Bg5 27.Bb4 Be4 28.Bc5 f6 29.exf6 Bxf6
30.Bd3 Rc8 31.Rf1 Bg5 32.b4 Qd7 33.h3 Qc7 34.Bxe4 Qg3+ 35.Qg2 Qxe3+ 36.Kh2 Qxe4
37.Qxe4 dxe4 38.Re1 Bf4+ 39.Kg2 e3 40.Kf3 g5 41.Ke4 Kf7 42.Re2 h5 43.gxh5 Rh8
44.h4 Rxh5 45.hxg5 Bxg5 46.d5 Rh4+ 47.Ke5 Bf4+ 48.Ke4 Bh6+ 49.Ke5 Rh5+ 50.Kd6 Rxd5+
51.Kc6 Rd2 52.Re1 Rd3 53.Kb7 Rxa3 54.Bb6 Bf4 55.Ba5 Bg3 56.Re2 Bf2 57.Kxa6 Rd3
58.Bb6 Rd2 59.Rxe3 Bxe3 60.Bxe3 Rd5 61.Bc5 e5 62.Kxb5 e4 63.Kc6 Ke6 64.b5 Rxc5+
65.Kxc5 e3  0-1

[Event "ch-ROU 2013"]
[Site "Baile Olanesti ROU"]
[Date "2013.02.23"]
[Round "10.27"]
[White "Pisu,R"]
[Black "Horvat,Dan"]
[Result "0-1"]
[WhiteElo "2031"]
[BlackElo "2229"]

1.d4 Nf6 2.Nf3 d5 3.c4 c6 4.Nc3 a6 5.a4 e6 6.Bg5 h6 7.Bxf6 Qxf6 8.e3 Nd7
9.Bd3 g5 10.h3 Qg7 11.cxd5 exd5 12.Qc2 Bd6 13.Bf5 O-O 14.g4 Nb6 15.h4 f6
16.a5 Nc4 17.O-O-O Bxf5 18.gxf5 b6 19.Rdg1 bxa5 20.hxg5 fxg5 21.Rh5 Rab8
22.Na4 Be7 23.Rgh1 Rf6 24.Ne5 Bf8 25.Nxc4 dxc4 26.Qxc4+ Qf7 27.Qc2 c5 28.dxc5 Rxf5
29.f4 Rb4 30.Kb1 Bg7 31.fxg5 Rf1+ 32.Rxf1 Qxf1+ 33.Ka2 Qf7+ 34.Ka3 Qxh5 35.c6 Bf8
36.Ka2 Qf7+ 37.b3 Rxa4+ 38.Kb1 Qf1+  0-1

[Event "TCh-CAT Div Hon 2013"]
[Site "Catalonia ESP"]
[Date "2013.02.23"]
[Round "6.5"]
[White "Aloma Vidal,R"]
[Black "Oms Pallisse,J"]
[Result "1-0"]
[WhiteElo "2389"]
[BlackElo "2501"]

1.d4 d5 2.c4 c6 3.Nf3 Nf6 4.Nc3 a6 5.Ne5 dxc4 6.Nxc4 b5 7.Ne5 Bb7 8.Bf4 e6
9.e3 Nbd7 10.Qf3 Nxe5 11.Bxe5 Be7 12.Bd3 O-O 13.O-O g6 14.Rac1 Nd7 15.Bf4 Rc8
16.a3 Ba8 17.Rfd1 c5 18.Be4 Bxe4 19.Qxe4 cxd4 20.Qxd4 Nc5 21.Bh6 Qxd4 22.exd4 Nb3
23.Bxf8 Kxf8 24.Rc2 a5 25.Re2 b4 26.axb4 axb4 27.Nb5 Rb8 28.Na7 Na5 29.Rc2 Bf6
30.Kf1 Rd8 31.Rc5 Nb3 32.Rb5 Nxd4 33.Rxb4 Rd7 34.Ra4 Rb7 35.b4 e5 36.Rb1 Ke8
37.Ra6 Be7 38.b5 e4 39.Nc6 Rxb5 40.Rxb5 Nxb5 41.Ra5 Nc7 42.Re5 Ne6 43.Nxe7 Kxe7
44.Rxe4 h5 45.Ra4 Kf6 46.Ke2 Ke7 47.Ke3 Kf6 48.Ra5 Ng7 49.Ra6+ Ke5 50.Ra5+ Kf6
51.Ke4 Nf5 52.Ra6+ Kg5 53.Ke5 Nh6 54.h3 Ng8 55.Ra8 Ne7 56.Rf8 f5 57.Kd6  1-0

[Event "24th Metropolitan GM"]
[Site "Los Angeles USA"]
[Date "2013.02.23"]
[Round "7"]
[White "Georgiev,Vl"]
[Black "Kretchetov,A"]
[Result "1-0"]
[WhiteElo "2562"]
[BlackElo "2276"]

1.d4 d5 2.c4 c6 3.Nf3 Nf6 4.Nc3 a6 5.cxd5 cxd5 6.Bf4 Nc6 7.Rc1 e6 8.e3 Be7
9.Bd3 O-O 10.O-O Nh5 11.a3 Nxf4 12.exf4 Qd6 13.g3 b5 14.Qc2 Bd7 15.Bxh7+ Kh8
16.Bd3 b4 17.axb4 Qxb4 18.Qe2 g6 19.f5 gxf5 20.Ng5 Kg7 21.Qh5 Bd6 22.Nxd5 exd5
23.Rfe1  1-0

[Event "TCh-ISL 2012-13"]
[Site "Reykjavik ISL"]
[Date "2013.03.02"]
[Round "7.1"]
[White "Williams,Si1"]
[Black "Eljanov,P"]
[Result "0-1"]
[WhiteElo "2504"]
[BlackElo "2697"]

1.d4 d5 2.c4 c6 3.Nc3 Nf6 4.Nf3 a6 5.h4 dxc4 6.e4 b5 7.e5 Nd5 8.Ng5 h6 9.Nge4 Nxc3
10.bxc3 Bf5 11.Ng3 Be6 12.f4 Bd5 13.Ba3 Qa5 14.Bb4 Qc7 15.Be2 a5 16.Ba3 b4
17.Bc1 Nd7 18.O-O Nb6 19.f5 O-O-O 20.Nh5 e6 21.fxe6 Bxe6 22.Nf4 bxc3 23.Nxe6 fxe6
24.Bg4 Qd7 25.Be3 Ba3 26.Qc2 Nd5 27.Bf2 Bb2 28.Qa4 h5 29.Bf3 Rhf8 30.Rab1 Rxf3
31.gxf3 Qb7 32.Qc2 Qf7 33.Qa4 Kd7 34.Qxa5 Rc8 35.Qc5 Qf8 36.Qxc4 Qxf3 37.Rfe1 Nf4  0-1

[Event "TCh-SVK Extraliga 2012-13"]
[Site "Slovakia SVK"]
[Date "2013.03.02"]
[Round "10.3"]
[White "Ftacnik,L"]
[Black "Neuman,P"]
[Result "1/2-1/2"]
[WhiteElo "2547"]
[BlackElo "2471"]

1.Nf3 d5 2.d4 Nf6 3.c4 c6 4.Nc3 a6 5.e3 b5 6.b3 Bg4 7.Be2 Nbd7 8.O-O e6 9.h3 Bh5
10.Bb2 Bd6 11.cxd5 cxd5 12.Ne5 Bxe2 13.Nxe2 O-O 14.Ng3 Rc8 15.Qd3 Qc7 16.Rfc1 Qb8
17.Nxd7 Nxd7 18.Ne2 Rxc1+ 19.Rxc1 Rc8 20.Rxc8+ Qxc8 21.f3  1/2-1/2

[Event "Jersey Masters 2013"]
[Site "St Clement Bay JCI"]
[Date "2013.03.09"]
[Round "6"]
[White "Schmitz,Man"]
[Black "Orishko,Yaroslav"]
[Result "0-1"]
[WhiteElo "2042"]
[BlackElo "2145"]

1.d4 d5 2.Nf3 Nf6 3.c4 c6 4.Nc3 a6 5.a4 a5 6.e3 e6 7.Bd3 Be7 8.O-O Na6 9.Qe2 Nb4
10.Bb1 O-O 11.Rd1 b6 12.b3 Ba6 13.e4 Re8 14.e5 Nd7 15.Ne1 Qc7 16.Nc2 Rac8
17.Nxb4 axb4 18.Qc2 g6 19.Na2 dxc4 20.bxc4 c5 21.Bf4 cxd4 22.Qb2 Nxe5 23.Bg3 Qc5
24.Bd3 Nxd3 25.Rxd3 e5 26.Re1 Bf6 27.Nxb4 Bb7 28.f3 Bg7 29.Bf2 Qxc4 30.Rdd1 Qc5
31.Nd3 Qa5 32.Qa3 Bc6 33.Ra1 Ra8 34.Nb2 f5 35.Rac1 Bd5 36.Qd6 Rad8 37.Qc7 e4
38.Bh4 Be5 39.Qc2 Rd7 40.fxe4 Rc7 41.Qe2 Rxc1 42.Rxc1 fxe4 43.Nc4 Qa6  0-1

[Event "TCh-AUT 2 East 2012-13"]
[Site "Austria AUT"]
[Date "2013.03.10"]
[Round "9.5"]
[White "Leitner,G"]
[Black "Hangweyrer,M"]
[Result "1/2-1/2"]
[WhiteElo "2206"]
[BlackElo "2367"]

1.d4 d5 2.c4 c6 3.Nf3 Nf6 4.Nc3 a6 5.a4 e6 6.Bg5 h6 7.Bh4 Bb4 8.e3 Qa5 9.Rc1 Nbd7
10.Nd2 O-O 11.Bd3 e5 12.O-O exd4 13.exd4 dxc4 14.Nxc4 Qh5 15.Bg3 Qxd1 16.Rfxd1 Re8
17.a5 Nd5 18.Bd6 N7f6 19.Na4 Be6 20.Nc5 Bxc5 21.dxc5 Rad8 22.f3 Nb4 23.Kf2 Nxd3+
24.Rxd3 Bxc4 25.Rxc4 Rd7 26.Rb3 Nd5 27.h4 h5 28.g4 f6 29.gxh5 Kf7 30.h6 gxh6
31.Rg4 h5 32.Re4 Rg8 33.Rd3 f5 34.Red4 Ke6 35.Bf4 Rg2+ 36.Kxg2 Nxf4+ 37.Rxf4 Rxd3
38.Rb4 Rd7 39.Rb3 f4 40.Kf2 Ke5 41.Ke2 Rg7 42.Rb4 Rg2+ 43.Kf1 Rc2 44.Re4+ Kd5
45.Rxf4 Rxb2 46.Rf5+ Kd4 47.Rxh5 Ra2 48.Rf5 Rxa5 49.h5 Ke3 50.h6 Ra4 51.h7 Rh4
52.Rf7 a5 53.Kg2 a4 54.Rxb7 Rh6 55.Kg3 a3 56.Ra7 a2 57.Ra3+ Kd4 58.Rxa2  1/2-1/2